000 00754nam a2200217 a 4500
001 000952156
003 AM-YeHGA
005 20250618074153.0
008 130315s2013 ai r 000 0 arm d
020 _a9789939006666
040 _aAM-YeHGA
041 0 _aarm
100 1 _aՍիմոնյան, Ռուբեն Աբգարի,
_d1938-
_94194
245 1 0 _aՀակոբ Սառիկյան :
_bՖիդային, մանկավարժը, դեսպանորդը, գրողը և թարգմանիչը /
_cՌուբեն Սիմոնյան.
260 _aԵրևան :
_bՀեղ. հրատ.,
_c2013.
300 _a56 էջ :
_bնկ.
600 1 4 _aՍառիկյան, Հակոբ
650 1 4 _aՀայոց պատմություն
650 1 4 _aՀայ հերոսներ
090 _c322055
999 _c320319
_d320319